Biblioteca "Ernesto Sabato"
Facultad de Derecho y Ciencias Sociales
Facultad de Lenguas
Universidad Nacional del Comahue

Metodología de análisis de contenido : teoría y práctica (Record no. 6011)

MARC details
000 -CABECERA
campo de control de longitud fija 00563cam a22002052a 4500
001 - NÚMERO DE CONTROL
campo de control 000166
003 - IDENTIFICADOR DEL NÚMERO DE CONTROL
campo de control AR-FADEU
008 - DATOS DE LONGITUD FIJA--INFORMACIÓN GENERAL
campo de control de longitud fija 311216n1990####xxu####################dd
020 ## - NÚMERO INTERNACIONAL ESTÁNDAR DEL LIBRO
Número Internacional Estándar del Libro 84-7509-627-1
092 ## - ASIGNACIÓN LOCAL DE SIGNATURA TOPOGRÁFICA DEWEY (OCLC)
Número de clasificación 302.240 72
Número de documento/Ítem K89
100 ## - ENTRADA PRINCIPAL--NOMBRE DE PERSONA
Nombre de persona Krippendorff, Klaus
245 ## - MENCIÓN DE TÍTULO
Título Metodología de análisis de contenido : teoría y práctica
260 ## - PUBLICACIÓN, DISTRIBUCIÓN, ETC. (PIE DE IMPRENTA)
Lugar de publicación, distribución, etc. Barcelona
260 ## - PUBLICACIÓN, DISTRIBUCIÓN, ETC. (PIE DE IMPRENTA)
Nombre del editor, distribuidor, etc. Paidós
260 ## - PUBLICACIÓN, DISTRIBUCIÓN, ETC. (PIE DE IMPRENTA)
Fecha de publicación, distribución, etc. 1990
300 ## - DESCRIPCIÓN FÍSICA
Extensión 279 p
440 ## - MENCIÓN DE SERIE/PUNTO DE ACCESO ADICIONAL--TÍTULO
Título Paidós comunicación
Número de parte o sección de la obra 39
650 ## - PUNTO DE ACCESO ADICIONAL DE MATERIA--TÉRMINO DE MATERIA
Término de materia o nombre geográfico como elemento inicial COMUNICACION-ANALISIS DE CONTENIDO; INVESTIGACION-COMUNICACION
942 ## - ELEMENTOS DE PUNTO DE ACCESO ADICIONAL (KOHA)
Tipo de ítem Koha BDGR
Holdings
Estado de retiro Estado de pérdida Estado dañado No para préstamo Localización permanente Ubicación/localización actual Fecha de adquisición Número de inventario Total de préstamos Signatura topográfica completa Código de barras Fecha visto por última vez Precio válido a partir de Tipo de ítem Koha Fuente del sistema de clasificación o colocación Fecha del último préstamo
        Biblioteca Ernesto Sabato - FADECS - UNCOMA Biblioteca Ernesto Sabato - FADECS - UNCOMA 20/02/2017 9673   302.240 72 K89 9673 20/02/2017 20/02/2017 BDGR    
        Biblioteca Ernesto Sabato - FADECS - UNCOMA Biblioteca Ernesto Sabato - FADECS - UNCOMA 20/02/2017 19239   302.240 72 K89 19239 20/02/2017 20/02/2017 BDGR    
        Biblioteca Ernesto Sabato - FADECS - UNCOMA Biblioteca Ernesto Sabato - FADECS - UNCOMA 28/12/2018 19204 1 302.240 72 K89 19204 02/11/2023 28/12/2018 BDGR Dewey Decimal Classification 11/10/2023
        Biblioteca Ernesto Sabato - FADECS - UNCOMA Biblioteca Ernesto Sabato - FADECS - UNCOMA 22/11/2022 26493   302.240 72 K89 26493 22/11/2022 22/11/2022 BDGR Dewey Decimal Classification  
Facultad de Derecho y Ciencias Sociales | Universidad Nacional del Comahue | Mendoza y Perú General Roca | Río Negro CP (8332) | Patagonia Argentina | Teléfono: 54-0298-4433670 | | Fax: 0298-4432093 | Fax alumnos: 0298-4435700